000 00337nam a2200121Ia 4500
008 220204s9999 xx 000 0 und d
082 _a336.222(540)
_bSHI
100 _aSHIVAKUMAR SINGH
245 0 _aCentral excise duties and economic development in India
260 _aDelhi
_bS Chand &Co
650 _aCentral Excise duty
942 _cBK
999 _c28341
_d28341